| 000 | 00515cam a22001457a 4500 | ||
|---|---|---|---|
| 008 | 180718b1972 xxu||||| |||| 00| 0 eng d | ||
| 082 | _aOA252x42 Un3 C2 | ||
| 100 | _aBone, Margaret | ||
| 245 |
_aYouth service and similar provision for young people _cby Margaret Bone |
||
| 260 |
_aLondon _bHer Majesty's Stationery Office _c1972 |
||
| 300 | _axviii, 291p | ||
| 500 | _aOffice of population censuses and surveys, social surveys sivision | ||
| 650 | _aYouth --Societies and clubs. | ||
| 650 | _aYouth --Great Britain | ||
| 999 |
_c414402 _d414402 |
||